| 000 | 00415nam a22001577a 4500 | ||
|---|---|---|---|
| 001 | T027600004588 | ||
| 008 | 181111b xve|||||r|||| 00| | esp d | ||
| 099 |
_aIVP-D-01240 _b |
||
| 100 | _aS/A. | ||
| 245 | _aLas funciones de la empresa vista con un enfoque de productividad y calidad. | ||
| 260 | _a | ||
| 500 | _aFotocopiado | ||
| 650 | _aEmpresas--Objetivos y Funciones. | ||
| 650 | _aEspaƱol | ||
| 942 | _cLIB | ||
| 999 |
_c5727 _d5727 |
||